| 000 | 00843nam a22002177a 4500 | ||
|---|---|---|---|
| 999 |
_c13414 _d13414 |
||
| 008 | 190312b ||||| |||| 00| 0 eng d | ||
| 020 | _a9781444354386 | ||
| 082 |
_22012 _aAV-Eb 398 _bC737 |
||
| 100 |
_aHasan-Rokem, Galit. _937517 |
||
| 245 |
_aCompanion to Folklore vol. 36/ _cedited by Galit Hasan-Rokem and Regina F. Bendix. |
||
| 260 |
_bJohn Wiley & Sons, Incorporated, _c©2012. |
||
| 300 | _a678 pages; | ||
| 440 |
_aWiley Blackwell Companions to Anthropology Ser. _937518 |
||
| 500 | _aIncludes index. | ||
| 650 |
_aFolklore -- Cross-cultural studies. _937519 |
||
| 650 |
_aFolklore -- Study and teaching. _937520 |
||
| 700 |
_aHasan-Rokem, Galit.editor. _937521 |
||
| 700 |
_aBendix, Regina F.editor. _937522 |
||
| 856 | _yhttps://ebookcentral.proquest.com/lib/uniofmindanao-ebooks/detail.action?docID=875780 | ||
| 942 |
_2ddc _cEB |
||